00622nam a2200217Ia 4500003000900000008004100009040001300050040001300063041000800076100002500084245002900109250001100138260001400149260000900163300001200172300001000184490000600194942000700200999001700207952018000224IT-RoPAU120407s9999 xx 000 0 und d aIT-RoPAU cIT-RoPAU aita aRoger Martin Du Gard aOeuvres complètès II aParis  aGallimard c1955 a1432 p. c18 cm v1 cBK c25751d25751 00102ddc406840_10000000000000071aPAULUSbPAULUSd2012-04-11l0o840.1r2012-04-11 00:00:00w2012-04-11yBKzInserito da: In data: n.d. fondo: Via A.Severo 56 Progr:27680